| 000 -ლიდერი |
| ფიქსირებული სიგრძის საკონტროლო ველი |
01471nam a2200277Ia 4500 |
| 001 - საკონტროლო ნომერი |
| საკონტროლო ველი |
21190 |
| 003 - საკონტროლო ნომრის იდენტიფიკატორი |
| საკონტროლო ველი |
GE_BSU |
| 005 - ბოლო ოპერაციის თარიღი და დრო |
| საკონტროლო ველი |
20210720160110.0 |
| 008 - ფიქსირებული სიგრძის მონაცემთა ელემენტები - ზოგადი ინფორმაცია |
| ფიქსირებული სიგრძის საკონტროლო ველი |
181216s2006||||ge |||||||||||||| ||geo|| |
| 040 ## - კატალოგიზაციის წყარო |
| Transcribing agency |
GE_BSU |
| 041 ## - ენის კოდი |
| Language code of text/sound track or separate title |
geo |
| 080 ## - უნივერსალური ათობითი კლასიფიკაციის ინდექსი |
| Universal Decimal Classification number |
347.44 ი-29 |
| 100 ## - მთავარი ჩანაწერი - პიროვნების სახელი |
| Personal name |
იაშვილი, ნინო |
| 9 (RLIN) |
1031 |
| 245 ## - ცნობა სათაურის შესახებ |
| Title |
სახელშეკრულებო ურთიერთობების პრაქტიკა / |
| Statement of responsibility, etc |
ნინო იაშვილი, ზაურ ნაჭყებია ; რედ. : ზაურ მირველაშვილი, დიმიტრი აბესაძე. |
| 264 ## - წარმოების, გამოცემის, დისტრიბუციის და სხვა ცნობები |
| გამოცემის, წარმოების, დისტრიბუციის... ადგილი |
თბილისი : |
| გამოცემის, წარმოების, დისტრიბუციის... სახელწოდება |
შპს "ლამპარი-99, |
| გამოცემის, წარმოების, დისტრიბუციის... თარიღი |
2006. |
| 300 ## - ფიზიკური აღწერა |
| Extent |
528 გვ. ; |
| Dimensions |
20 სმ. |
| 653 ## - INDEX TERM--UNCONTROLLED |
| Uncontrolled term |
სამართალი |
| 653 ## - INDEX TERM--UNCONTROLLED |
| Uncontrolled term |
სახელშეკრულებო ურთიერთობები |
| 700 ## - ADDED ENTRY--PERSONAL NAME |
| Personal name |
მაღალაშვილი, ეკა |
| Relator term |
ავტორი |
| 9 (RLIN) |
1032 |
| 700 ## - ADDED ENTRY--PERSONAL NAME |
| Personal name |
ნაჭყებია, ზაურ |
| Relator term |
ავტორი |
| 9 (RLIN) |
1033 |
| 700 ## - ADDED ENTRY--PERSONAL NAME |
| Personal name |
მირველაშვილი, ზაურ |
| Relator term |
რედაქტორი |
| 9 (RLIN) |
12300 |
| 700 ## - ADDED ENTRY--PERSONAL NAME |
| Personal name |
აბესაძე, დიმიტრი |
| Relator term |
რედაქტორი |
| 9 (RLIN) |
12301 |
| 710 ## - ADDED ENTRY--CORPORATE NAME |
| Corporate name or jurisdiction name as entry element |
საქართველოს სავაჭრო-სარმეწველო პალატა |
| Relator term |
საქექსპერტიზა |
| 9 (RLIN) |
12302 |
| 942 ## - ADDED ENTRY ELEMENTS (KOHA) |
| Koha item type |
წიგნი |
| Source of classification or shelving scheme |
|